000 00346nam a22001217a 4500
040 _cHS
082 _a590
100 _aត្រាន ថាន់កាញ់
245 _aធរណីវិទ្យាទូទៅ Pedologie general
260 _aភំពេញ
_bក្រសួងកសិកម្ម
_c1992
300 _a145p;
942 _cKB
999 _c9031
_d9031